Cricket: Most Sixes in a Test Innings by a Single Batsman - Statistics

General Stats
  • This quiz has been taken 17 times
  • The average score is 12 of 18
Answer Stats
For Against Year Score 6s Answer % Correct
NZ PAK 2014 202 (188) 11 Brendon McCullum
100%
NZ SL 2014 195 (134) 11 Brendon McCullum
100%
WI SL 2010 333 (437) 9 Chris Gayle
93%
PAK NZ 2002 329 (436) 9 Inzamam-ul-Haq
93%
ENG SA 2016 258 (198) 11 Ben Stokes
80%
ENG AUS 2019 135* (219) 8 Ben Stokes
80%
AUS ZIM 2003 380 (437) 11 Matthew Hayden
80%
SL BAN 2014 319 (482) 8 Kumar Sangakkara
73%
ENG NZ 1933 336* 10 Wally Hammond
73%
PAK ZIM 1996 257* (363) 12 Wasim Akram
73%
AUS SA 2002 204* (213) 8 Adam Gilchrist
60%
NZ ZIM 1996 120 (96) 9 Chris Cairns
60%
NZ ENG 2002 222 (168) 11 Nathan Astle
60%
NZ ENG 2008 77* (40) 9 Tim Southee
53%
WI ENG 2019 202* (229) 8 Jason Holder
33%
IND SL 1994 124 (223) 8 Navjot Singh Sidhu
20%
IND BAN 2019 243 (330) 8 Mayank Agarwal
13%
WI BAN 2018 93 (92) 9 Shimron Hetmyer
7%
No matching quizzes found
Score Distribution
Percent of People with Each Score
Percentile by Number Answered
Your Score History
You have not taken this quiz